| 000 | 00414nam a22001697a 4500 | ||
|---|---|---|---|
| 003 | NUST - PNEC | ||
| 005 | 20170116181110.0 | ||
| 008 | 151003b xxu||||| |||| 00| 0 eng d | ||
| 020 | _a- | ||
| 040 | _cLIBRARY | ||
| 082 | _a678.2 NAU | ||
| 100 |
_912889 _aNaunton, W. J. S. |
||
| 245 |
_aThe applied science of rubber, _cW. J. S. Naunton |
||
| 260 | _cc.1961 | ||
| 650 |
_912892 _aRubber _xME |
||
| 942 |
_2ddc _cBK |
||
| 999 |
_c69099 _d69099 |
||